<?xml version="1.0" encoding="UTF-8"?>
<record
    xmlns:xsi="http://www.w3.org/2001/XMLSchema-instance"
    xsi:schemaLocation="http://www.loc.gov/MARC21/slim http://www.loc.gov/standards/marcxml/schema/MARC21slim.xsd"
    xmlns="http://www.loc.gov/MARC21/slim">

  <leader>00616cam a2200181 i 4500</leader>
  <datafield tag="999" ind1=" " ind2=" ">
    <subfield code="c">114130</subfield>
    <subfield code="d">114130</subfield>
  </datafield>
  <controlfield tag="001">3152479</controlfield>
  <controlfield tag="005">20191004111410.0</controlfield>
  <controlfield tag="008">750711s1974    enka     b    100 0 eng  </controlfield>
  <datafield tag="020" ind1=" " ind2=" ">
    <subfield code="a">080399902X :</subfield>
  </datafield>
  <datafield tag="040" ind1=" " ind2=" ">
    <subfield code="c">PK-LaUMT</subfield>
  </datafield>
  <datafield tag="082" ind1="0" ind2="0">
    <subfield code="a">301.0941</subfield>
    <subfield code="b">SOC-</subfield>
  </datafield>
  <datafield tag="245" ind1="0" ind2="0">
    <subfield code="a">Sociological theory and survey research :</subfield>
    <subfield code="b">institutional change and social policy in Great Britain /</subfield>
    <subfield code="c">edited by Timothy Leggatt</subfield>
  </datafield>
  <datafield tag="260" ind1=" " ind2=" ">
    <subfield code="a">London ;</subfield>
    <subfield code="a">Beverly Hills, Calif. :</subfield>
    <subfield code="b">Sage Publications,</subfield>
    <subfield code="c">1974</subfield>
  </datafield>
  <datafield tag="300" ind1=" " ind2=" ">
    <subfield code="a">334 p. :</subfield>
    <subfield code="b">ill. ;</subfield>
    <subfield code="c">24 cm.</subfield>
  </datafield>
  <datafield tag="700" ind1="1" ind2=" ">
    <subfield code="a">Leggatt, T. W.</subfield>
  </datafield>
  <datafield tag="710" ind1="2" ind2=" ">
    <subfield code="a">Social Science Research Council (Gt. Brit.).</subfield>
  </datafield>
  <datafield tag="942" ind1=" " ind2=" ">
    <subfield code="c">BK</subfield>
  </datafield>
  <datafield tag="952" ind1=" " ind2=" ">
    <subfield code="0">0</subfield>
    <subfield code="1">0</subfield>
    <subfield code="4">0</subfield>
    <subfield code="7">0</subfield>
    <subfield code="a">01</subfield>
    <subfield code="b">01</subfield>
    <subfield code="d">2019-10-04</subfield>
    <subfield code="l">1</subfield>
    <subfield code="o">301.0941 SOC-</subfield>
    <subfield code="p">131823</subfield>
    <subfield code="r">2019-10-08 00:00:00</subfield>
    <subfield code="s">2019-10-04</subfield>
    <subfield code="w">2019-10-04</subfield>
    <subfield code="y">BK</subfield>
  </datafield>
</record>
